000 01402nam a22002417a 4500
999 _c61882
_d61882
003 Ge_BSU
005 20240603115223.0
008 240603s2023 ge ||||| |||| 00| 0 geo d
020 _a9789941343124
041 _ageo
080 _a821.353.1-31 ნ-62
100 _aნიკურაძე, თამარ.
_99135
245 _aციგრიტი :
_b(რეალური ზღაპარი) /
_cთამარ ნიკურაძე; რედაქტორი ეთერ ჭურაძე; წინასიტყვაობა გიორგი კეკელიძე; გარეკანის ილუსტრატორი დ. ტრაპაიძე.
250 _aმეორე გამოცემა
264 _aთბილისი :
_bტალანტარე,
_c2023.
300 _a165 გვ.;
_b20 სმ.
500 _aპარალ. სათ. და ტექსტები ინგლ. და რუსულ. ენაზე
700 _aჭურაძე, ეთერ
_eრედაქტორი
_922286
700 _aკეკელიძე, გიორგი
_eწინასიტყვაობის ავტორი
_914441
700 _aტრაპაიძე, დ.
_eგარეკანის ილუსტრატორი
_922287
773 _tნაჩუქარი
942 _2udc
_cᲬᲘᲒᲜᲘ